Music genres A-Z - Statistics

General Stats
  • This quiz has been taken 1,500 times
  • The average score is 12 of 26
Answer Stats
Artists Answer % Correct
J: Miles Davis, Louis Amstrong Jazz
89%
R: Bob Marley, UB40 Reggae
87%
P: Ramones, Green Day Punk
83%
G: Pearl Jam, Nirvana Grunge
81%
K: BTS, Blackpink K-Pop
81%
D: ABBA, Bee Gees Disco
80%
L: Julio Iglesias, Shakira Latin
77%
B: Muddy Waters, B.B. King Blues
73%
H: Public Enemy, LL Cool J Hip hop
73%
F: James Brown, Red Hot Chili Peppers Funk
70%
O: Plácido Domingo, Giuseppe Di Stefano Opera
51%
N: Limp Bizkit, System of a Down Nu metal
47%
T: Desiigner, Lil Peep Trap
42%
I: Meat Puppets, Dinosaur Jr Indie
41%
E: Sunny Day Real Estate, Jimmy Eat World Emo
39%
W: Tchaikovsky, Johann Strauss II Waltz
34%
S: Sublime, Reel Big Fish Ska
26%
A: Brian Eno, Aphex Twin Ambient
25%
C: Lil Jon, 3OH!3 Crunk
20%
Q: Pansy Division, Sister George Queercore
17%
Y: Riley Puckett, Hank Williams Yodeling
9%
M: King Crimson, Ling Tosite Sigure Math rock
5%
V: Eubie Blake, Fatty Arbuckle Vaudeville
5%
Z: Ariel Ramírez, Jorge Cafrune Zamba
2%
U: Kenny Rogers, Johnny Lee Urban cowboy
1%
X: Gilberto Gil, Falamansa Xote
1%
No matching quizzes found
Score Distribution
Percent of People with Each Score
Percentile by Number Answered
Your Score History
You have not taken this quiz